| 000 | 01568nam a22002657a 4500 | ||
|---|---|---|---|
| 005 | 20240305165633.0 | ||
| 007 | cr|||| |||| | ||
| 008 | 220519c20009999us br|w s|||| 0|||b1eng d | ||
| 022 | _a1741-3737 | ||
| 035 | _a36228 | ||
| 040 | _avLex | ||
| 090 |
_c13365 _d13365 |
||
| 245 | 0 | 0 |
_aJournal of Marriage and Family _h[Recurso electrónico] / |
| 256 | _aServicio en línea | ||
| 260 |
_aHoboken: _bWiley, _c2000 - |
||
| 300 | _a1 recurso electrónico | ||
| 310 | _aBimestral | ||
| 500 | _aThe Journal of Marriage and Family (JMF), published by the National Council on Family Relations, has been the leading research journal in the family field for more than 75 years and is consistently the most highly cited journal in Family Science. JMF features original research and theory using the variety of methods reflective of the full range of social sciences, including quantitative, qualitative, and multi-method designs; research interpretation; integrative review; reports on methodological and statistical advances; and critical discussion concerning all aspects of marriage, other forms of close relationships, and families. The journal also publishes brief reports. | ||
| 506 | 1 |
_aDisponible solo en los productos indicados _dvLex Global _dvLex Global (Academic Edition, excluding Law Schools) _dvLex Global (Academic Edition, Law Schools) |
|
| 650 | 0 | 4 |
_aDerecho Civil _zEstados Unidos |
| 650 | 0 | 4 |
_aFamilia y Sucesiones _zEstados Unidos |
| 740 | 0 | _avLex Revistas (Servicio en línea) | |
| 856 | 4 | 0 | _uhttps://app.vlex.com/#/sources/36228 |
| 942 | _cRAA | ||
| 999 |
_c171601 _d171601 |
||